Sleeping Beauty
| Format: | Book |
|---|---|
| Published: |
Loughborough :
Ladybird Books ,
1991
|
| Series: | Disney
|
| Subjects: |
MARC
| LEADER | 00000cam a2200000 7i4500 | ||
|---|---|---|---|
| 001 | 0000003408 | ||
| 002 | 000003676 | ||
| 005 | 20000330.0 | ||
| 020 | |a 0721440126 | ||
| 090 | 0 | 0 | |a JF |b SLE |
| 245 | 0 | 0 | |a Sleeping Beauty |
| 260 | |a Loughborough : |b Ladybird Books , |c 1991 | ||
| 300 | |a p.v. : |b ill. ; |c 17cm. | ||
| 490 | 0 | |a Disney | |
| 650 | 0 | 0 | |a Children's stories |
| 999 | |a 055980 |b BUKU |c PINJAMAN |e PERPUSTAKAAN KOMUNITI CAW KOTA DAMANSARA | ||